|
|
|
|
| LEADER |
00000nam2a2200000 4500 |
| 001 |
246951 |
| 005 |
20231101232245.0 |
| 010 |
|
|
|a 5946212486
|
| 035 |
|
|
|a (RuTPU)RU\TPU\book\268418
|
| 090 |
|
|
|a 246951
|
| 100 |
|
|
|a 20131212d2008 k y0rusy50 ca
|
| 101 |
0 |
|
|a rus
|
| 102 |
|
|
|a RU
|
| 105 |
|
|
|a a z 101zy
|
| 200 |
0 |
|
|a Вып. 9: Сборник материалов IX Международной конференции молодых ученых "Актуальные проблемы социальных наук", 21-22 апреля 2007 г., Томск
|
| 210 |
|
|
|d 2008
|
| 215 |
|
|
|a 391 с.
|c ил.
|
| 320 |
|
|
|a Библиография в конце докладов.
|
| 330 |
|
|
|a Данный сборник содержит статьи студентов и молодых ученых. Сборник будет интересен специалистам в области общественных и гуманитарных наук, в частности тем, кто интересуется региональными исследованиями. В подготовке сборника к изданию принимает участие молодежная редколлегия, состоящая из студентов и аспирантов философского факультета Томского государственного университета. Опыт участия молодых ученых в создании сборника заинтересует руководителей научно-исследовательской работы студентов.
|
| 461 |
|
1 |
|0 (RuTPU)RU\TPU\book\268760
|t Иниция
|l Initia
|o сборник статей студентов и молодых ученых
|f Томский государственный университет (ТГУ), Философский факультет
|v Вып. 9: Сборник материалов IX Международной конференции молодых ученых "Актуальные проблемы социальных наук", 21-22 апреля 2007 г., Томск
|d 2008-
|
| 606 |
1 |
|
|a Гуманитарные науки
|2 stltpush
|3 (RuTPU)RU\TPU\subj\67345
|9 83188
|
| 610 |
1 |
|
|a социальные науки
|
| 610 |
1 |
|
|a социальная философия
|
| 610 |
1 |
|
|a методология
|
| 610 |
1 |
|
|a наука
|
| 610 |
1 |
|
|a история
|
| 610 |
1 |
|
|a философия
|
| 610 |
1 |
|
|a логика
|
| 610 |
1 |
|
|a социология
|
| 610 |
1 |
|
|a политология
|
| 610 |
1 |
|
|a социальная работа
|
| 610 |
1 |
|
|a гуманитарная информатика
|
| 610 |
1 |
|
|a конференции
|
| 610 |
1 |
|
|a Томск
|
| 686 |
|
|
|a Сл0
|v LBC/SL-A
|2 rubbk
|
| 686 |
|
|
|a С5л0
|v LBC/SL-A
|2 rubbk
|
| 712 |
1 |
2 |
|a Актуальные проблемы социальных наук
|d 9
|e Томск
|f 2007
|
| 801 |
|
1 |
|a RU
|b 63413507
|c 20131212
|
| 801 |
|
2 |
|a RU
|b 63413507
|c 20140425
|g RCR
|
| 942 |
|
|
|c BK
|